| 000 | 00528nam a22001817a 4500 | ||
|---|---|---|---|
| 003 | BD-DhUL | ||
| 005 | 20200311122155.0 | ||
| 008 | 180503s1897 ii ||||| |||| 00| 0 urd d | ||
| 040 |
_aBD-DhUL _cBD-DhUL |
||
| 082 |
_a551.22 _bABR |
||
| 100 | 3 | _aعبد الاول۔ | |
| 245 | 0 |
_aرویداد زلزلہ / _cعبد الاول۔ |
|
| 246 | _aRuwaidād-e zalzalah | ||
| 260 |
_aلکھنؤ : _bمطبع اصح المطابع، _c۱۸۹۷۔ |
||
| 300 |
_aص۔ ۱۶ ؛ _c۲۴ سم۔ |
||
| 650 | 4 | _aEarthquakes. | |
| 942 |
_2ddc _cBK |
||
| 999 |
_c240924 _d240924 |
||